000 00725cam a2200205 4500
001 WB3716-06
008 000000n2001 000 0 eng u
035 _a(Sirsi) u112160
245 _aFormer military bases open up
260 _c2001
490 _aFinancial Times
_v24 April 2001, 4(1)
520 _aA number of former military sites have been released to provide valuable development space for the South East, although local authorities and development agencies are likely to face competition from commercial developers.
590 _aWB
650 _aMILITARY SITES
650 _aDEVELOPMENT LAND
650 _aREDEVELOPMENT
650 _aSOUTH EAST
690 _aPROPERTY-PROPERTY DEVELOPMENT
942 _n0
999 _c66798
_d66798